16 Bundesländer - 16 Städte - Statistiken

Allgemein
  • Dieses Quiz wurde 296 mal gespielt
  • Das Durchschnittsergebnis liegt bei 12 aus 16
Antwortstatistiken
Hint Antwort % Korrekt
Spandau Berlin
91%
Rosenheim Bayern
87%
Konstanz Baden-Württemberg
86%
Cottbus Brandenburg
86%
Gera Thüringen
82%
Detmold Nordrhein-Westfalen
77%
Marburg Hessen
75%
Wismar Mecklenburg-Vorpommern
73%
Plauen Sachsen
72%
Wittenberg Sachsen-Anhalt
69%
Salzgitter Niedersachsen
65%
Neunkirchen Saarland
65%
Neumünster Schleswig-Holstein
65%
Zweibrücken Rheinland-Pfalz
62%
Bergedorf Hamburg
61%
Gröpelingen Bremen
53%
Keine übereinstimmenden Quizze gefunden
Verteilung der Resultate
Anzahl Personen mit jedem Resultat
Perzentil nach korrekt beantworteten Fragen
Ihre Resultats-Entwicklung
Sie haben dieses Quiz noch nicht gespielt